[Event "Challenge"]
[Site "http://www.queenalice.com/game.php?id=520617"]
[Date "2009.1.11"]
[Round "-"]
[White "Kafka"]
[Black "Ermesto77"]
[Result "0-1"]
[WhiteElo "1425"]
[BlackElo "1500"]

1. e4 e6 2. Nc3 d5 3. exd5 exd5 4. Qe2+ Be7 5. Qe5 Nf6 6. Qg5 O-O 7. Qg3 Re8 8.
d3 Bd6+ 9. Qe3 Rxe3+ 10. fxe3 Bb4 11. a3 Bxc3+ 12. bxc3 Nc6 13. d4 Ne4 14. Ne2
Bg4 15. h3 Bxe2 16. Bxe2 Qh4+ 17. Kf1 Qf2# 0-1

[Event "Challenge"]
[Site "http://www.queenalice.com/game.php?id=521811"]
[Date "2009.1.13"]
[Round "-"]
[White "Ermesto77"]
[Black "Enya"]
[Result "1-0"]
[WhiteElo "1608"]
[BlackElo "1673"]

1. e4 e5 2. Nf3 Nc6 3. Bb5 a6 4. Ba4 d6 5. c3 Bd7 6. O-O Nge7 7. Bc2 Ng6 8. d4
Be7 9. d5 Nb8 10. Nbd2 O-O 11. Bd3 c6 12. c4 Nf4 13. Nb3 Nxd3 14. Qxd3 f5 15. h3
f4 16. Nh2 Kh8 17. Kh1 Be8 18. g3 g5 19. g4 Bg6 20. Nd2 Nd7 21. b4 Nf6 22. f3
Kg7 23. a3 h5 24. Rg1 hxg4 25. hxg4 Rh8 26. Rg2 Rh3 27. Qe2 Qd7 28. Kg1 Rah8 29.
Bb2 Bd8 30. Kh1 b5 31. dxc6 Qxc6 32. Rc1 bxc4 33. Qxc4 Qxc4 34. Rxc4 Bf7 35. Rc6
Be7 36. Kg1 Rg3 37. Ndf1 Rxf3 38. Nxf3 Nxe4 39. Rh2 Rxh2 40. Kxh2 Bd5 41. Rc7
Kf6 42. N3d2 Nf2 43. Ra7 Nxg4+ 44. Kh3 Nf2+ 45. Kh2 g4 46. Rc7 g3+ 47. Nxg3
fxg3+ 48. Kxg3 Nd3 49. Ba1 Ke6 50. Nf3 Be4 51. Nd2 Bf5 52. Ra7 d5 53. Rxa6+ Bd6
54. Kg2 e4 55. Nb3 e3 56. Nd4+ 1-0

[Event "AUTO-OPEN-1426"]
[Site "http://www.queenalice.com/game.php?id=533585"]
[Date "2009.2.2"]
[Round "1"]
[White "Ermesto77"]
[Black "mav40121"]
[Result "1-0"]
[WhiteElo "1711"]
[BlackElo "1401"]

1. c4 e5 2. Nc3 c5 3. Nf3 d6 4. g3 Nf6 5. d3 Bg4 6. Bg2 Nc6 7. O-O h6 8. h3 Bh5
9. Nh2 Be7 10. f4 exf4 11. Rxf4 Nd4 12. g4 g5 13. Rf1 Bg6 14. Bxb7 Rb8 15. Bg2
O-O 16. b3 h5 17. e3 Ne6 18. Bb2 hxg4 19. hxg4 Kg7 20. Nd5 Nc7 21. Nxe7 Qxe7 22.
Bxf6+ Qxf6 23. Rxf6 Kxf6 24. d4 Kg7 25. d5 Rh8 26. Qf3 Rh4 27. Qg3 Rbh8 28. Nf3
R4h6 29. Qxd6 Ne8 30. Qxc5 Nf6 31. Qd4 Be4 32. Rf1 Kg6 33. Ne5+ Kg7 34. Bxe4
Nxe4 35. Qxe4 f6 36. Nd7 1-0

[Event "AUTO-OPEN-1426"]
[Site "http://www.queenalice.com/game.php?id=533586"]
[Date "2009.2.2"]
[Round "1"]
[White "mav40121"]
[Black "Ermesto77"]
[Result "0-1"]
[WhiteElo "1373"]
[BlackElo "1701"]

1. e4 c6 2. d4 d5 3. e5 Bf5 4. Bd3 Bxd3 5. Qxd3 e6 6. Nf3 Ne7 7. Bg5 Qc7 8. O-O
Ng6 9. a3 Be7 10. Bxe7 Qxe7 11. c4 O-O 12. cxd5 cxd5 13. g3 Nc6 14. Nc3 f6 15.
exf6 Qxf6 16. Ne5 Ngxe5 17. dxe5 Nxe5 18. Qe2 Nf3+ 19. Kg2 Qg5 20. Kh1 Qh5 21.
Qxe6+ Kh8 22. h4 Nxh4 23. gxh4 Qxh4+ 24. Kg2 Rf6 25. Qh3 Rg6+ 26. Kh2 Qf4+ 27.
Qg3 Rxg3 28. fxg3 Qh6+ 29. Kg1 Qb6+ 30. Kh1 Qc6 31. Rf3 d4 32. Rf1 dxc3 33. bxc3
Rf8 0-1

[Event "AUTO-OPEN-1426"]
[Site "http://www.queenalice.com/game.php?id=533587"]
[Date "2009.2.2"]
[Round "1"]
[White "Ermesto77"]
[Black "puertolimon"]
[Result "1-0"]
[WhiteElo "1779"]
[BlackElo "1663"]

1. c4 d5 2. cxd5 Qxd5 3. Nc3 Qa5 4. d4 Nf6 5. Nf3 Nd5 6. Bd2 Be6 7. e4 Nb4 8. d5
Bg4 9. Be2 e6 10. a3 N4a6 11. Na4 Bxf3 12. Bxa5 Bxg2 13. Rg1 Bxe4 14. Bf3 exd5
15. Bxe4 dxe4 16. Qd5 Nc6 17. Qxe4+ Be7 18. Bd2 O-O 19. Nc3 Nc5 20. Qg2 Bf6 21.
Qf3 Kh8 22. Be3 Nd3+ 23. Kf1 Nxb2 24. Ne4 Be5 25. Bc5 Rg8 26. Ng5 Nd8 27. Nxh7
Kxh7 28. Qh5# 1-0

[Event "AUTO-OPEN-1426"]
[Site "http://www.queenalice.com/game.php?id=533588"]
[Date "2009.2.2"]
[Round "1"]
[White "puertolimon"]
[Black "Ermesto77"]
[Result "0-1"]
[WhiteElo "1650"]
[BlackElo "1867"]

1. e4 e6 2. a3 d5 3. Nc3 d4 4. Nce2 e5 5. d3 c5 6. h3 Ne7 7. Nf3 Ng6 8. c3 Nc6
9. cxd4 cxd4 10. Qa4 Bd7 11. Qb3 b6 12. Ng5 Qe7 13. Ng3 h6 14. Nf3 Na5 15. Qc2
Rc8 16. Qd2 Nb3 17. Qd1 Nxa1 18. Bd2 Nc2+ 19. Ke2 Nxa3 20. bxa3 Qxa3 21. Bc1
Qxc1 22. Qxc1 Rxc1 23. Nd2 Rc2 24. Nf5 Bxf5 25. exf5 Nf4+ 26. Kd1 Rc7 27. g3 Nd5
28. Nc4 Nc3+ 29. Ke1 f6 30. h4 b5 31. Nd2 Bb4 32. Nb3 a5 33. f4 a4 34. Nc1 Na2+
35. Kd1 Rxc1+ 36. Ke2 exf4 37. gxf4 Kd8 38. Kf3 Re8 39. Kg4 Nc3 40. Kh5 a3 41.
Kg6 Re7 42. Bg2 Rxh1 43. Bxh1 a2 44. h5 a1=Q 45. Bc6 Qa2 46. Kh7 Qf7 47. Bxb5
g5+ 48. Kh8 Qh7# 0-1

[Event "AUTO-OPEN-1426"]
[Site "http://www.queenalice.com/game.php?id=533589"]
[Date "2009.2.2"]
[Round "1"]
[White "Ermesto77"]
[Black "Conde_Dracula"]
[Result "1-0"]
[WhiteElo "1805"]
[BlackElo "2147"]

1. Nf3 Nf6 2. g3 g6 3. Bg2 Bg7 4. O-O O-O 5. d3 d5 6. e3 c5 7. Nbd2 Nc6 8. Re1
e5 9. e4 d4 10. a4 b6 11. h3 Rb8 12. Nc4 Qc7 13. b3 a6 14. Bb2 b5 15. axb5 axb5
16. Ncd2 Na5 17. c3 dxc3 18. Bxc3 Nc6 19. Qc2 Nd7 20. Nh2 Bb7 21. Kh1 Rfd8 22.
Bf1 Nf8 23. Nhf3 Ne6 24. Qd1 Ned4 25. Nxd4 Nxd4 26. Bxd4 Rxd4 27. Nf3 1-0

[Event "AUTO-OPEN-1426"]
[Site "http://www.queenalice.com/game.php?id=533590"]
[Date "2009.2.2"]
[Round "1"]
[White "Conde_Dracula"]
[Black "Ermesto77"]
[Result "1-0"]
[WhiteElo "2337"]
[BlackElo "1723"]

1. e4 c5 2. Nf3 d6 3. d4 cxd4 4. Nxd4 Nf6 5. Nc3 a6 6. Bg5 e6 7. Qd2 Be7 8.
O-O-O Nbd7 9. f4 Qc7 10. Bd3 h6 11. Bxf6 Bxf6 12. Nce2 O-O 13. g4 g5 14. h4 Qd8
15. hxg5 hxg5 16. Qe3 gxf4 17. Qh3 Re8 18. Nxf4 Bg5 19. Qh8# 1-0

[Event "Challenge"]
[Site "http://www.queenalice.com/game.php?id=558011"]
[Date "2009.3.18"]
[Round "-"]
[White "Ermesto77"]
[Black "stephane8cr"]
[Result "1-0"]
[WhiteElo "1945"]
[BlackElo "1913"]

1. Nf3 d6 2. g3 Nf6 3. Bg2 g6 4. O-O Bg7 5. d3 c6 6. Nbd2 O-O 7. e4 b5 8. Qe1
Nbd7 9. Rb1 Bb7 10. b3 a5 11. c4 b4 12. h3 e5 13. Bb2 Qc7 14. Qe3 Nc5 15. a4
Nfd7 16. d4 Ne6 17. d5 Nec5 18. g4 cxd5 19. exd5 Rae8 20. g5 f5 21. gxf6 Nxf6
22. Nh2 Nh5 23. Ne4 Nxe4 24. Bxe4 Nf4 25. Rbe1 Bc8 26. Bg2 Bf5 27. Rd1 Qd7 28.
h4 Bh3 29. Bxh3 Nxh3+ 30. Kh1 Rf5 31. Qxh3 Ref8 32. f3 1-0

[Event "Challenge"]
[Site "http://www.queenalice.com/game.php?id=567315"]
[Date "2009.4.5"]
[Round "-"]
[White "waldi"]
[Black "Ermesto77"]
[Result "0-1"]
[WhiteElo "2017"]
[BlackElo "2036"]

1. d4 Nf6 2. c4 g6 3. Nc3 Bg7 4. e4 d6 5. f4 O-O 6. Nf3 Na6 7. a3 e5 8. fxe5
dxe5 9. Nxe5 c5 10. d5 Nxe4 11. Nf3 Nxc3 12. bxc3 Bxc3+ 13. Bd2 Bxa1 14. Qxa1 b6
15. Bh6 Re8+ 16. Be2 f6 17. Qb2 Bg4 18. O-O Qd6 19. h3 Bf5 20. Nh4 Qe5 21. Qxe5
Rxe5 22. Nxf5 Rxe2 23. Nd6 Rf8 24. Bxf8 Kxf8 25. Nc8 f5 26. Nxa7 Nb8 27. Nc8 Nd7
28. g4 Re5 29. Nd6 Ke7 30. Nb5 Kf6 31. Kg2 Ke7 32. Kf3 fxg4+ 33. hxg4 Nf6 34.
Rg1 g5 35. Na7 Kd7 36. Nc6 Re4 37. Rc1 Kd6 38. Rb1 Rxc4 0-1

[Event "Challenge"]
[Site "http://www.queenalice.com/game.php?id=567358"]
[Date "2009.4.5"]
[Round "-"]
[White "paloberto"]
[Black "Ermesto77"]
[Result "0-1"]
[WhiteElo "1698"]
[BlackElo "1920"]

1. e4 c5 2. Nf3 d6 3. d4 cxd4 4. Nxd4 Nf6 5. Nc3 g6 6. Be2 Bg7 7. O-O Nc6 8. Be3
O-O 9. Bb5 Bd7 10. f3 a6 11. Ba4 b5 12. Bb3 Na5 13. a3 Nxb3 14. Nxb3 Bc6 15. Rf2
Nd7 16. Qd3 Ne5 17. Qe2 Bb7 18. Nd2 Rc8 19. Rb1 Nc4 20. Qd3 Nxe3 21. Qxe3 Qc7
22. f4 Qc5 23. Qxc5 Rxc5 24. Nb3 Rc4 25. Na5 Rc7 26. Re2 Ba8 27. Nd5 Bxd5 28.
exd5 h5 29. c3 Bf6 30. Nc6 Rfc8 31. Rbe1 Kf8 32. g3 Rxc6 33. Re4 Rc4 34. Kg2
R8c5 35. Rxc4 bxc4 36. a4 Rxd5 37. Re4 Rc5 38. h3 d5 39. Re1 Rc7 40. Rd1 e6 41.
Re1 Rb7 42. Re2 Ke7 43. h4 d4 44. cxd4 Bxd4 45. Kh3 Rxb2 0-1

[Event "Challenge"]
[Site "http://www.queenalice.com/game.php?id=567359"]
[Date "2009.4.5"]
[Round "-"]
[White "Ermesto77"]
[Black "paloberto"]
[Result "1-0"]
[WhiteElo "1907"]
[BlackElo "1699"]

1. Nf3 d5 2. g3 Nc6 3. Bg2 e6 4. O-O Nf6 5. d3 h6 6. Nbd2 Be7 7. e4 O-O 8. Re1
b6 9. e5 Nd7 10. Nf1 Bc5 11. d4 Bxd4 12. Nxd4 Ncxe5 13. h4 c5 14. Nf3 f6 15.
N1h2 Qe7 16. Nxe5 Nxe5 17. f4 Nc6 18. Bxd5 Nd4 19. Bxa8 Ba6 20. Bg2 Rd8 21. Kf2
Nb3 22. axb3 Rxd1 23. Rxd1 Bc8 24. Be3 e5 25. Bd5+ Kf8 26. Rd2 Be6 27. Bxe6 Qxe6
28. fxe5 Qxe5 29. Rxa7 Kg8 30. Rdd7 Qf5+ 31. Nf3 Qxc2+ 32. Bd2 Qg6 33. Rxg7+
Qxg7 34. Rxg7+ Kxg7 35. Ke3 f5 36. h5 Kf6 37. Kf4 b5 38. Nh4 b4 39. Nxf5 Kf7 40.
Nxh6+ Kg7 41. Kf5 Kh7 42. g4 c4 43. bxc4 b3 44. c5 1-0

[Event "Challenge"]
[Site "http://www.queenalice.com/game.php?id=572044"]
[Date "2009.4.14"]
[Round "-"]
[White "Tourniquet"]
[Black "Ermesto77"]
[Result "0-1"]
[WhiteElo "1770"]
[BlackElo "1931"]

1. e4 c5 2. c3 e6 3. d4 d5 4. exd5 exd5 5. Nf3 Nc6 6. Bb5 Bd7 7. dxc5 Bxc5 8.
O-O Nge7 9. Nbd2 O-O 10. b4 Bb6 11. Nb3 Bg4 12. h3 Bxf3 13. Qxf3 Ne5 14. Qe2
N7g6 15. Bd3 Nxd3 16. Qxd3 Qd6 17. Nd4 Ne5 18. Nf5 Qf6 19. Qc2 Rac8 20. Be3 Nd7
21. Bd4 Bxd4 22. Nxd4 Qxd4 23. cxd4 Rxc2 24. Rfc1 Rfc8 0-1

[Event "Challenge"]
[Site "http://www.queenalice.com/game.php?id=595378"]
[Date "2009.5.29"]
[Round "-"]
[White "rhsatrhs"]
[Black "Ermesto77"]
[Result "0-1"]
[WhiteElo "2106"]
[BlackElo "1986"]

1. e4 g6 2. d4 Bg7 3. Nc3 d6 4. f4 c6 5. Nf3 Bg4 6. Be3 Qb6 7. Qd3 Bxf3 8. gxf3
Nd7 9. O-O-O O-O-O 10. d5 c5 11. Bd2 a6 12. Na4 Qc7 13. Bh3 b5 14. Nc3 c4 15.
Qe3 Kb8 16. a3 Nc5 17. Rdg1 e5 18. Qe1 Re8 19. f5 Ne7 20. Bg5 f6 21. Be3 g5 22.
f4 exf4 23. Bxf4 Rhg8 24. Be3 Nd7 25. Bf1 Ne5 26. Be2 Nc8 27. h4 h6 28. Qf2 Kb7
29. hxg5 hxg5 30. Rh7 Rh8 31. Qh2 Rxh7 0-1

[Event "AUTO-OPEN-1426"]
[Site "http://www.queenalice.com/game.php?id=600326"]
[Date "2009.6.8"]
[Round "2"]
[White "rsgaspar"]
[Black "Ermesto77"]
[Result "1-0"]
[WhiteElo "2095"]
[BlackElo "2011"]

1. e4 g6 2. d4 Bg7 3. Nc3 d6 4. Be3 Nf6 5. Bd3 O-O 6. Nf3 Bg4 7. h3 Bxf3 8. Qxf3
c6 9. O-O-O Nfd7 10. Be2 Qc7 11. g4 e5 12. d5 Nb6 13. dxc6 bxc6 14. h4 f5 15.
gxf5 d5 16. exd5 Rxf5 17. d6 Qc8 18. Qg3 N8d7 19. h5 Qe8 20. Rhg1 Nf8 21. h6 Bh8
22. Bg5 Bf6 23. Bxf6 Rxf6 24. Ne4 Rf4 25. Qxf4 exf4 26. Nf6+ Kf7 27. Nxe8 Rxe8
28. Bf3 c5 29. Rge1 Nc4 30. Bd5+ 1-0

[Event "AUTO-OPEN-1426"]
[Site "http://www.queenalice.com/game.php?id=600327"]
[Date "2009.6.8"]
[Round "2"]
[White "Ermesto77"]
[Black "rsgaspar"]
[Result "1-0"]
[WhiteElo "1996"]
[BlackElo "2109"]

1. c4 c6 2. d4 d5 3. Nf3 e6 4. Nc3 Nf6 5. e3 Nbd7 6. Bd3 dxc4 7. Bxc4 b5 8. Bd3
Bb7 9. e4 b4 10. Na4 Be7 11. Be3 Ng4 12. Qe2 Nxe3 13. Qxe3 O-O 14. O-O Qa5 15.
b3 e5 16. Bc4 exd4 17. Nxd4 Bf6 18. Rad1 Nb6 19. Nxb6 axb6 20. Rd2 Rfd8 21. Rfd1
Qe5 22. f4 Qc5 23. e5 Bh4 24. Nf5 Qxe3+ 25. Nxe3 b5 26. Be2 Rxd2 27. Rxd2 Rd8
28. Rd6 Be7 29. Rxd8+ Bxd8 30. Nf5 Bc8 31. Bd3 g6 32. Nd6 Be6 33. Be4 Bb6+ 34.
Kf1 Bd7 35. f5 gxf5 36. Bxf5 Bxf5 37. Nxf5 Kf8 38. Ke2 Bc5 39. Kd3 Ke8 40. Nd4
Kd7 41. Ke4 Bb6 42. Nc2 Bc5 43. Kf5 1-0

[Event "AUTO-OPEN-1426"]
[Site "http://www.queenalice.com/game.php?id=664041"]
[Date "2009.10.7"]
[Round "3"]
[White "rsgaspar"]
[Black "Ermesto77"]
[Result "0-1"]
[WhiteElo "1944"]
[BlackElo "2063"]

1. d4 Nf6 2. c4 g6 3. Nf3 Bg7 4. Nc3 d6 5. e4 O-O 6. Be2 e5 7. O-O Nc6 8. d5 Ne7
9. b4 Nh5 10. Re1 Nf4 11. Bf1 a5 12. b5 b6 13. h3 h6 14. Ne2 g5 15. Nxf4 exf4
16. Nd4 f5 17. a4 Bd7 18. Ra2 fxe4 0-1

[Event "AUTO-OPEN-1426"]
[Site "http://www.queenalice.com/game.php?id=664042"]
[Date "2009.10.7"]
[Round "3"]
[White "Ermesto77"]
[Black "rsgaspar"]
[Result "1-0"]
[WhiteElo "2051"]
[BlackElo "1956"]

1. Nf3 d5 2. g3 Nf6 3. Bg2 c6 4. O-O Bg4 5. d3 Nbd7 6. Qe1 e5 7. e4 dxe4 8. dxe4
Bc5 9. Nbd2 Qe7 10. c3 O-O 11. h3 Be6 12. Ng5 Rfd8 13. Nxe6 Qxe6 14. Kh2 Bb6 15.
Nb3 a5 16. Be3 a4 17. Bxb6 Nxb6 18. Nc5 1-0

[Event "AUTO-OPEN-1426"]
[Site "http://www.queenalice.com/game.php?id=664045"]
[Date "2009.10.7"]
[Round "3"]
[White "Ermesto77"]
[Black "Gorgona"]
[Result "1-0"]
[WhiteElo "2019"]
[BlackElo "1840"]

1. c4 e5 2. Nc3 Nf6 3. g3 Bb4 4. Nf3 Bxc3 5. dxc3 Nc6 6. Bg2 O-O 7. Bg5 h6 8.
Bd2 d6 9. Qc2 Re8 10. e4 Na5 11. b3 b6 12. O-O-O Bb7 13. Nh4 Ng4 14. Be1 Nf6 15.
Nf5 Nd7 16. Ne3 Qg5 17. Kb1 Qg6 18. f3 Nc6 19. Bh3 Bc8 20. Bf5 Qf6 21. Bd2 Ne7
22. Ng4 Qxf5 23. exf5 f6 24. Ne3 Bb7 25. Rhf1 1-0

[Event "AUTO-OPEN-1426"]
[Site "http://www.queenalice.com/game.php?id=664046"]
[Date "2009.10.7"]
[Round "3"]
[White "Gorgona"]
[Black "Ermesto77"]
[Result "0-1"]
[WhiteElo "1840"]
[BlackElo "2028"]

1. e4 c5 2. Nf3 d6 3. d4 cxd4 4. Nxd4 Nf6 5. Nc3 g6 6. f4 Nc6 7. Bb5 Bd7 8. Nxc6
Bxc6 9. Bxc6+ bxc6 10. e5 Nd7 11. exd6 exd6 12. Ne4 d5 13. Qd4 f6 14. Ng5 Bc5
15. Ne6 Bxd4 16. Nxd8 Rxd8 17. c3 Bb6 18. Bd2 O-O 19. O-O-O Nc5 20. b4 Ne4 21.
Be1 Be3+ 22. Kc2 Bxf4 23. g3 Bc7 24. Kd3 f5 0-1